000 00483nam a2200169Ia 4500
999 _c36183
_d36183
003 OSt
005 20200320152331.0
008 190216s9999||||xx |||||||||||||| ||und||
040 _coclc
082 _a297.63
_bHAY/M
100 _aHaykal, Muhammad Husayn
_91882
245 0 _aMuhammad /
_cMuhammad Husayn Haykal
260 _bHira Press,
_c1990.
_aKozhikode:
300 _a698p
650 _aIslamic History
942 _cREF
_2ddc
_h297.63
_iHAY/M
_k297.63
_mHAY/M